=LDR 00000nam 2200000 4500 =001 INLIS000000000039608 =005 20250310101011 =035 ##$$a 0010-061300000039608 =008 250310################c##########0#ind## =041 ##$$a Ind =082 ##$$a 028.5 =090 ##$$a 028.5, Ama m =100 ##$$a Amatullah,Azizah =245 1#$$a Mimpi Aiko /$c Azizah Amatullah =260 ##$$a Bandung :$b Dar!,$c 2011 =300 ##$$a 128 hlm. : $b ilus. ; $c 21 cm =650 #4$$a bacaan kanak-kanak =850 ##$$a NBPNMAT =020 ##$$a 9789790665040 =084 ##$$a 028.5 AMA m =250 ##$$a cet. I =990 ##$$a 00085844